[Event "4NCL Div 1 2018-19"]
[Site "Daventry"]
[Date "2018.11.11"]
[Round "2"]
[White "Connell, Blair N"]
[Black "Guha, Chirag"]
[Result "1-0"]
[WhiteElo "2246"]
[BlackElo "2012"]
[Annotator "TA"]
[PlyCount "125"]
[EventDate "2018.11.10"]
[EventType "team-tourn"]
[EventCountry "GBR"]
[SourceTitle "playchess.com"]
[Source "ChessBase"]
[SourceQuality "1"]

{[%evp 18,124,19,18,37,0,0,-10,0,-10,6,12,0,-8,33,0,0,0,42,15,18,14,14,9,6,-3,5,0,39,35,54,54,54,54,54,31,49,46,76,66,73,73,90,61,94,73,73,73,108,74,82,76,283,84,102,102,125,120,127,125,119,68,60,40,46,47,95,42,41,20,31,14,104,104,104,66,189,225,257,243,446,366,420,417,773,740,1551,1558,1264,1156,1012,947,1268,856,1745,1400,1732,1501,12841,12841,12841,12842,12846,12847,12850,12849,12850,12850,29999]} 1. d4 d5 2. Nc3 Nf6 3. Bf4 e6 4. e3 c5 5. Nf3 Bd6 (5... Be7 6. Nb5 Na6 7. c3 O-O 8. a4 Bd7 9. Ne5 Be8 10. Bd3 Nb8 11. dxc5 Bxc5 {½-½ (63) Carlsen,M (2832)-Karjakin,S (2781) Paris 2017}) 6. dxc5 {D00: 1 d4 d5: Unusual lines} Bxc5 7. Bd3 O-O 8. O-O Nc6 9. e4 dxe4 10. Nxe4 {LiveBook: 7 Games} Be7 11. Qe2 Nd5 12. Bc1 $146 ({Predecessor:} 12. Bd2 Ncb4 13. Bc4 Nxc2 {½-½ (13) Barletta,M (2134)-Ranieri,F (2284) Arvier 2016}) 12... Qc7 13. Rd1 Nf4 14. Bxf4 $1 Qxf4 15. Ned2 e5 16. Qe4 Qxe4 (16... g6 {is more complex.} 17. Qxf4 exf4 18. c3 Rd8 19. Nb3 Be6) 17. Bxe4 Bf6 18. Bxc6 bxc6 19. Ne4 Be6 20. Nxf6+ gxf6 21. Rd6 Rac8 22. Rad1 Rfe8 23. Nd2 Kf8 24. Ne4 $36 {[%mdl 2048] Black is under pressure.} Ke7 25. Nc5 Bf5 26. c3 Rg8 27. f3 h5 28. g3 Rh8 29. Kf2 Rhg8 30. Ke3 Rb8 31. b3 Rbc8 32. b4 Rh8 33. a4 {[%cal Ba2a4,Ba4a5][%mdl 32]} Rc7 34. a5 Rcc8 $2 {[#]} (34... Ra8 $16) 35. R6d2 $2 (35. Rd7+ $1 $18 {and the rest is easy.} Bxd7 36. Rxd7+ Kf8 37. Rxa7) 35... Rc7 36. Kf2 Rg8 37. Re1 Rd8 38. Rxd8 Kxd8 $16 {[%mdl 4096] Endgame KRB-KRN} 39. Rd1+ (39. h3 $16) 39... Ke7 $14 40. Ke3 Rc8 41. Rd2 Rc7 42. Ke2 ({White should try} 42. h3 $16) 42... Rc8 43. Kd1 Be6 44. Kc2 Bd5 (44... f5 $11 {keeps the balance.}) 45. c4 $1 $16 {[%cal Rc4d5]} Be6 46. Kc3 h4 (46... f5 $14) 47. Nxe6 Kxe6 48. gxh4 $18 {KR-KR} Rh8 $2 (48... f5 49. c5 e4) 49. b5 cxb5 50. cxb5 Rxh4 (50... f5 $142 51. b6 axb6) 51. b6 axb6 52. axb6 Rh8 53. b7 Rb8 54. Rb2 Kf5 55. Rb4 Kg5 56. Kd3 f5 {[#]} 57. f4+ $1 {[%mdl 512]} exf4 58. Ke2 Kg4 59. Kf2 Kh3 60. Kf3 Kxh2 61. Rb2+ Kh3 62. Kxf4 Kh4 63. Rh2# {Precision: White = 48%, Black = 20%.} 1-0

[Event "4NCL Div 1 2018-19"]
[Site "Daventry"]
[Date "2018.11.11"]
[Round "2"]
[White "Head, Louise"]
[Black "Ledger, Stephen C"]
[Result "1-0"]
[WhiteElo "2237"]
[BlackElo "2023"]
[Annotator "TA"]
[PlyCount "121"]
[EventDate "2018.11.10"]
[EventType "team-tourn"]
[EventCountry "GBR"]
[SourceTitle "playchess.com"]
[Source "ChessBase"]
[SourceQuality "1"]

{[%evp 25,121,25,26,26,23,16,28,7,22,16,25,16,39,16,31,24,25,27,27,0,0,0,0,0,6,0,0,0,0,0,0,0,0,-9,0,0,18,0,0,0,0,0,3,10,10,0,45,17,19,21,33,28,29,12,115,113,132,105,104,63,130,140,144,137,136,106,177,174,248,222,219,137,360,318,314,137,402,243,367,354,357,332,450,431,407,393,347,335,496,489,1397,1362,1211,924,1031,847,630,520]} 1. d4 Nf6 2. c4 c5 3. d5 b5 4. cxb5 a6 5. b6 e6 6. Nc3 Nxd5 7. Nxd5 exd5 8. Qxd5 Nc6 9. Nf3 Rb8 10. e4 Be7 11. Bc4 O-O 12. Bd2 {A57: Benko/Volga Gambit} Rxb6 13. Bc3 d6 {LiveBook: 20 Games. Black wants to play ...Be6.} 14. Qd3 {White has an edge.} (14. O-O Bf6 15. Rfd1 Bxc3 16. bxc3 Na5 17. Bd3 Be6 18. Qh5 h6 19. e5 d5 {½-½ (54) Rakhmanov,A (2670)-Esipenko,A (2523) Sochi 2017}) 14... Bf6 15. O-O Bxc3 $146 ({Predecessor:} 15... Be6 16. Rfd1 Bxc3 17. bxc3 Bxc4 18. Qxc4 Qf6 19. Rd5 Ne7 20. Rd2 Ng6 21. Rad1 {½-½ (50) Obsivac,J (2290)-Svanda,O (2111) Pardubice 2018}) 16. Qxc3 Qe7 17. Rfe1 Bg4 18. Nd2 Nd4 19. Nb3 Nb5 20. Qe3 Be6 21. Bxe6 Qxe6 22. e5 Qxe5 23. Qxe5 dxe5 24. Rxe5 Nd4 25. Nxd4 cxd4 $11 {[%mdl 4096] Endgame KRR-KRR} 26. b3 Rd8 27. Kf1 f6 28. Re4 Rc6 29. Rd1 Rc2 30. Re2 Rc5 31. Ke1 Kf7 32. Red2 Re5+ 33. Kf1 Red5 34. Ke2 Ke6 35. Kd3 Rc5 36. Rc2 Rxc2 $1 37. Kxc2 {KR-KR} Rd5 38. Kd3 Rg5 39. g3 Kd5 (39... Ra5 $11 {remains equal.}) 40. Rc1 $16 Rf5 41. f4 Rh5 42. Rc2 Rh3 ({Better is} 42... a5 $1 $14) 43. b4 h5 44. Rc5+ Kd6 45. Ra5 Rxh2 (45... Kc6 $16) 46. Rxa6+ $18 Kd5 (46... Kd7 $142 47. Kxd4 Rg2) 47. Ra5+ Kc6 48. Kxd4 h4 $2 {[#]} (48... Rd2+ $16 49. Kc4 Rc2+ 50. Kb3 Rg2) 49. gxh4 Rxh4 50. Ke3 (50. Rf5 $18 {and the rest is easy.}) 50... Kb6 $2 {[%mdl 8192]} (50... Rh3+ $16 51. Ke4 Rc3) 51. a3 {[%cal Ba2a3,Ba3a4][%mdl 32]} g6 {[#]} (51... g5 {keeps fighting.} 52. Rf5 (52. fxg5 fxg5 53. Rf5 Rh3+ 54. Rf3 Rh4 $16) 52... gxf4+ 53. Rxf4 Rh3+ 54. Rf3 Rh5 55. Rxf6+ Kb5) 52. a4 $1 Rh3+ 53. Ke4 Rb3 54. Rb5+ Kc6 55. Rc5+ Kd6 56. Rd5+ Ke6 (56... Kc7 {is a better defense.} 57. Rd4 Kc6 58. Rc4+ Kb6) 57. Rb5 {White is clearly winning.} f5+ (57... g5 $142 58. f5+ Ke7) 58. Kd4 Rf3 59. Rb6+ Kd7 60. Ke5 Re3+ 61. Kf6 {Precision: White = 62%, Black = 29%.} 1-0

[Event "4NCL Div 1 2018-19"]
[Site "Daventry"]
[Date "2018.11.11"]
[Round "2"]
[White "Ledger, Dave J"]
[Black "Makkar, Rajat"]
[Result "1-0"]
[WhiteElo "2237"]
[BlackElo "2173"]
[Annotator "TA"]
[PlyCount "59"]
[EventDate "2018.11.10"]
[EventType "team-tourn"]
[EventCountry "GBR"]
[SourceTitle "playchess.com"]
[Source "ChessBase"]
[SourceQuality "1"]

{[%evp 17,59,3,10,2,8,10,28,-97,-96,-96,-86,-139,-74,-60,-61,-72,-59,-68,-62,-82,-43,-54,-18,-17,37,27,38,37,110,114,189,134,127,110,140,0,190,134,1312,1334,29984,29985,29985,29986]} 1. e4 c6 2. d4 d5 3. e5 Bf5 4. Nf3 e6 5. Be2 Ne7 6. O-O Ng6 {B12: Caro-Kann: Advance Variation} (6... c5 7. Be3 Nec6 8. c3 Nd7 9. Nbd2 Be7 10. a3 a6 11. Re1 O-O 12. Nf1 Rc8 13. Ng3 Bg6 14. Nd2 cxd4 15. cxd4 Qb6 16. b4 Nxd4 17. Bf1 {0-1 (50) Caruana,F (2822)-Mamedyarov,S (2801) Saint Louis 2018}) 7. Be3 Nd7 8. Nbd2 f6 9. exf6 Qxf6 {LiveBook: 8 Games} 10. Bg5 Qf7 11. Nh4 Bd6 12. g4 $146 (12. Bh5 $11 {remains equal.} Nf6 13. Nxf5 exf5 14. Re1+ Kd7 15. Bxf6 Qxf6 16. c4) ({Predecessor:} 12. Bh5 h6 13. Nxf5 {½-½ (13) Ramesh,R (2507)-Pantsulaia,L (2611) Dubai 2006}) 12... Nxh4 $17 13. Bxh4 Qg6 14. Rc1 {[#]} (14. c4 $142) 14... h5 (14... Nf6 $142 $1 {[%cal Rf6g4]} 15. g5 h6) 15. Bg3 Bxg4 16. Bxg4 {And now Re1 would win.} Bxg3 17. fxg3 hxg4 18. Rf4 $1 Nf6 19. Qe2 Kd7 20. Re1 Rhe8 (20... Rae8 $11) 21. Nb3 $1 $14 {[%cal Bd2b3,Bb3c1,Bc1d3][%mdl 32]} b6 22. Nc1 e5 (22... Kc7 $14) 23. dxe5 $16 {aiming for Qd1.} Ne4 (23... Kc7 $16) 24. c4 ({White should play} 24. Rxg4 $18 Qf7 25. Rf1 (25. Rxe4 dxe4 26. Qxe4 Rad8 $11)) 24... Rxe5 25. cxd5 cxd5 26. Qa6 ({White should try} 26. Nd3 $16 Ree8 27. Qd1) 26... Kc7 $2 (26... Nc5 $1 $11 {and Black stays safe.} 27. Qb5+ Kd6 28. Rxe5 Kxe5) 27. Nd3 $36 {[%mdl 3072] White has strong compensation. White is in control.} Re7 $2 {[%mdl 8192]} (27... Re6 $16) 28. Rc1+ Kd6 29. Qa3+ Kd7 {[#]} 30. Rc7+ $1 {[%mdl 512] Precision: White = 53%, Black = 25%.} 1-0

[Event "4NCL Div 1 2018-19"]
[Site "Daventry"]
[Date "2018.11.11"]
[Round "2"]
[White "Mihalik, Agoston"]
[Black "Gourlay, Iain"]
[Result "1/2-1/2"]
[WhiteElo "2223"]
[BlackElo "2358"]
[Annotator "TA"]
[PlyCount "79"]
[EventDate "2018.11.10"]
[EventType "team-tourn"]
[EventCountry "GBR"]
[SourceTitle "playchess.com"]
[Source "ChessBase"]
[SourceQuality "1"]

{[%evp 25,79,0,0,0,0,4,14,4,136,128,180,180,180,175,175,175,174,129,138,130,123,127,185,181,169,165,160,156,160,150,151,159,153,154,162,158,175,108,114,103,99,91,98,98,109,106,102,76,76,75,75,79,100,0,62,0]} 1. e4 e5 2. Nf3 Nc6 3. d4 exd4 4. Nxd4 Nf6 {[%cal Bg8f6,Bf6d5,Bd5b6][%mdl 32]} 5. Nxc6 bxc6 6. e5 Qe7 7. Qe2 Nd5 8. c4 Nb6 9. Nc3 Ba6 {C45: Scotch Game} (9... Bb7 10. Bd2 O-O-O 11. O-O-O Re8 12. Re1 Qb4 13. Kb1 Ba6 14. Nd5 Qa4 15. Nxb6+ axb6 16. g3 f6 17. f4 fxe5 18. fxe5 {0-1 (38) Saric,I (2689)-Almasi,Z (2699) Rio Achaea 2018}) 10. b3 O-O-O 11. Bb2 Re8 12. f4 f6 13. O-O-O fxe5 {LiveBook: 13 Games} 14. Qxe5 Qxe5 15. fxe5 Rxe5 16. Bd3 Bc5 (16... Re3 $11 {remains equal.}) 17. Ne4 $16 Be3+ (17... Rh5 $16) 18. Kb1 $146 Re7 19. Rhe1 d5 {[%cal Rd5c4]} 20. Rxe3 Rhe8 21. cxd5 Bxd3+ 22. Rexd3 {[#] Strongly threatening Nc3.} ({Stronger than} 22. Rdxd3 Nxd5 23. Re1 Rxe4 $15) 22... Rxe4 23. dxc6 Rg4 (23... g6 $16 {was necessary.} 24. Bf6 Kb8 25. Rd8+ Rxd8 26. Rxd8+ Nc8) 24. a4 a5 25. Rd7 {Threatens to win with Be5!} Rg6 26. Rxg7 Rxc6 27. Rd2 Re1+ 28. Ka2 h6 29. Rg3 Rc5 30. Rc3 Rh5 31. Ba3 (31. Ka3 $18) 31... Kb7 $16 32. Rc5 Rxh2 33. Rxc7+ Kxc7 34. Bd6+ Kc6 35. Bxh2 Nd5 36. Kb2 h5 37. Bg3 Re4 38. Rc2+ Kb6 39. Rd2 Kc6 40. Rc2+ {Precision: White = 77%, Black = 69%.} ({White should try} 40. Ka3 $14) 1/2-1/2

[Event "4NCL Div 1 2018-19"]
[Site "Daventry"]
[Date "2018.11.11"]
[Round "2"]
[White "Taylor, Adam A"]
[Black "Hansen, Hans-Peter"]
[Result "1-0"]
[WhiteElo "2222"]
[BlackElo "2192"]
[Annotator "TA"]
[PlyCount "121"]
[EventDate "2018.11.10"]
[EventType "team-tourn"]
[EventCountry "GBR"]
[SourceTitle "playchess.com"]
[Source "ChessBase"]
[SourceQuality "1"]

{[%evp 12,121,14,8,29,36,22,31,27,14,30,23,56,44,47,42,56,46,51,39,71,63,70,0,112,119,139,125,127,114,173,168,173,157,156,146,141,141,139,144,176,169,166,156,185,187,198,198,200,191,191,195,195,193,208,209,290,303,304,300,291,310,283,240,233,234,236,208,225,221,262,242,278,259,366,355,310,241,246,237,235,211,278,292,356,339,393,390,379,388,475,476,500,500,493,474,505,501,551,503,597,597,29966,29966,29964,29965,29967,29967,29970,29971,29969,29970]} 1. Nf3 c5 2. g3 Nc6 3. Bg2 g6 4. O-O Bg7 5. e3 (5. e4 d6 6. d3 e5 7. c3 Nge7 8. a3 O-O 9. b4 a6 10. Nbd2 Be6 11. Ng5 Bd7 12. Nc4 h6 13. Nxd6 hxg5 14. Nxb7 Qc8 15. Nxc5 g4 16. Bg5 Re8 17. Qb3 Nd8 {0-1 (47) Petrosian,T (2601)-Carlsen,M (2837) Riadh 2017}) 5... d5 6. d4 {A04: Unusual lines after 1 Nf3 and King's Indian Attack} cxd4 7. exd4 {LiveBook: 4 Games} Bg4 8. c3 {White has an edge.} Nf6 9. h3 Bf5 $146 ({Predecessor:} 9... Bd7 10. Nbd2 O-O 11. Ne5 Nxe5 12. dxe5 Ne4 13. Nf3 e6 14. Be3 {½-½ (48) Wolffram,G-Drauszke,M Rowy 2000}) 10. Bf4 O-O 11. Nbd2 Ne4 12. g4 Nxd2 13. Nxd2 Bd3 14. Re1 e6 15. Bg3 Qb6 16. Re3 Ba6 17. Rb1 (17. b4 $14) 17... Rfe8 {[#]} (17... Bh6 $11 18. Rf3 Qa5) 18. b4 $1 $16 Bc4 19. Nxc4 dxc4 20. Qe2 Nxd4 (20... Bh6 $16) 21. cxd4 $18 Bxd4 22. Rf3 ({Much less strong is} 22. Qxc4 $6 Rac8 $14) 22... Rac8 23. Be5 Red8 24. Bxd4 Qxd4 25. Rc1 c3 {[#] Threatens to win with ...Qd2.} 26. Qc2 Qxb4 {...Rd2 is the strong threat.} 27. Rxc3 Rxc3 28. Qxc3 Rd1+ 29. Bf1 Qxc3 30. Rxc3 {[%mdl 4096] Endgame KRB-KR} Ra1 31. Ra3 a6 32. Kg2 Kf8 33. Bd3 Rc1 34. Be4 Rc7 35. Rb3 b5 36. Ra3 Ra7 37. Bd3 Rd7 38. Be2 Rd6 39. Kf3 Ke7 40. Ke3 e5 41. Bf3 Rb6 42. g5 f5 (42... b4 $142) 43. gxf6+ Kxf6 44. Bg4 b4 45. Rd3 a5 46. Bd7 Ra6 47. Ba4 Kf5 48. Rd7 h5 49. Rc7 Kg5 50. Rc4 Kf5 51. Rc6 Ra7 52. f3 Kg5 53. Rc4 Ra6 54. h4+ Kf5 55. Rc5 Kf6 56. Ke4 Rd6 57. Rc6 {White mates.} Rxc6 58. Bxc6 Ke6 59. f4 exf4 60. Kxf4 Kf6 61. Ba4 {Precision: White = 80%, Black = 32%.} 1-0

[Event "4NCL Div 1 2018-19"]
[Site "Daventry"]
[Date "2018.11.11"]
[Round "2"]
[White "Kett, Tim"]
[Black "Burnett, Andrew"]
[Result "1-0"]
[WhiteElo "2206"]
[BlackElo "2150"]
[Annotator "TA"]
[PlyCount "53"]
[EventDate "2018.11.10"]
[EventType "team-tourn"]
[EventCountry "GBR"]
[SourceTitle "playchess.com"]
[Source "ChessBase"]
[SourceQuality "1"]

{[%evp 10,53,45,40,53,45,45,40,45,39,47,44,38,28,54,43,54,-13,22,-22,121,123,121,119,405,66,102,75,195,0,593,591,562,533,968,520,463,265,822,789,1179,1129,29990,2314,1509,1432]} 1. e4 c5 2. d4 cxd4 3. c3 d3 4. Bxd3 e6 5. Nf3 d6 6. O-O {LiveBook: 13 Games. B40: Sicilian: 2...e6, Unusual lines} (6. c4 Nf6 7. Nc3 a6 8. O-O Nbd7 9. h3 Qc7 10. Be3 Be7 11. Rc1 b6 12. Qe2 Bb7 13. Bb1 O-O {½-½ (48) Esserman,M (2446)-Fedorowicz,J (2440) ICC INT 2011}) 6... Be7 7. Na3 $146 ({Predecessor:} 7. b3 Nf6 8. Bb2 O-O 9. e5 dxe5 10. Nxe5 Qc7 11. c4 Nc6 12. Ng4 Qf4 13. Nxf6+ Bxf6 14. Bxf6 Qxf6 {0-1 (42) Perino,A (1885)-Negro,R (2167) Arco 2017}) 7... Nf6 8. Bg5 {White is slightly better.} h6 9. Bh4 O-O 10. Qe2 Nbd7 11. Rad1 Qc7 12. Nb5 $36 {[%mdl 2048] White is pushing.} Qb8 13. g4 (13. Bc2 $14) 13... Ne5 14. g5 Nxf3+ (14... hxg5 $11 15. Bxg5 a6) 15. Qxf3 $16 hxg5 16. Bxg5 {aiming for Kh1.} a6 $2 {[%mdl 8192] [#]} (16... e5 $16 {was worth a try.}) 17. e5 $2 (17. Kh1 $1 $18) 17... dxe5 $14 18. Qh3 ({Much worse is} 18. Bxf6 Bxf6 19. Nd6 Qc7 $11) 18... Rd8 (18... g6 $16) 19. Bh7+ $2 (19. Bxf6 $1 $18 {Threatening mate with Qh7+.} Bxf6 20. Bh7+ Kf8 21. Rxd8+ Bxd8 22. Rd1) 19... Kf8 $2 {[%mdl 8192]} (19... Nxh7 $11 20. Bxe7 Rxd1 21. Rxd1 Bd7 22. Rxd7 Qe8) 20. Rxd8+ $18 Bxd8 21. Rd1 {[%cal Bf1d1,Bd1d8,Bd8g8,Bg8g7][%mdl 32] White wants to mate with Bg6.} axb5 22. Rxd8+ Ke7 23. Qd3 (23. Rg8 $142 Qd6 24. Qf3) 23... b6 $2 (23... Qc7 24. Rg8 Ra4) 24. Rg8 {[%csl Gg8][%cal Rd3d8]} Qc7 25. Rxg7 Rxa2 {[#]} 26. Bg6 (26. Rxf7+ $142 $1 {[%mdl 512]} Kxf7 27. Qg6+ Ke7 28. Bxf6+ Kd7 29. Qg7+ Kd6 30. Bxe5+ Kd5 31. Qxc7) 26... Ra1+ 27. Kg2 {Precision: White = 39%, Black = 21%.} 1-0

[Event "4NCL Div 1 2018-19"]
[Site "Daventry"]
[Date "2018.11.11"]
[Round "2"]
[White "Oyama, Akito"]
[Black "Gerlagh, Joris"]
[Result "0-1"]
[WhiteElo "2201"]
[BlackElo "2249"]
[Annotator "TA"]
[PlyCount "80"]
[EventDate "2018.11.10"]
[EventType "team-tourn"]
[EventCountry "GBR"]
[SourceTitle "playchess.com"]
[Source "ChessBase"]
[SourceQuality "1"]

{[%evp 10,79,4,10,22,7,9,23,16,-7,42,41,41,41,50,42,43,49,47,51,51,51,48,50,56,53,52,7,16,12,16,-12,-10,-12,12,-18,-18,-18,-18,-18,-26,-24,-25,-53,-29,-54,-23,-37,-25,-21,-25,-42,-38,-88,-71,-185,-169,-4580,-5477,-29975,-29976,-29980,-29981,-29979,-29980,-29992,-29993,-29993,-29994,-29994,-29994,-29999]} 1. e4 c5 2. Nc3 e6 3. f4 Nf6 4. Nf3 Nc6 5. Bb5 Nd4 6. Bd3 {LiveBook: 3 Games. B23: Closed Sicilian: Lines without g3} (6. e5 Nxb5 7. Nxb5 Nd5 8. c4 Nb4 9. d4 cxd4 10. O-O a6 11. Nbxd4 d5 12. a3 Nc6 13. cxd5 Qxd5 14. Nxc6 Qxc6 {½-½ (49) Glek,I (2538)-Werle,J (2551) Germany 2006}) 6... d5 7. e5 Nd7 8. Nxd4 {The position is equal.} cxd4 9. Nb5 $146 ({Predecessor:} 9. Ne2 Qb6 10. b3 Nc5 11. Bb2 Nxd3+ 12. cxd3 {0-1 (54) Bozzali,E (2062)-Salvador,R (2450) Erba 2007}) 9... Bc5 (9... a6 $5 {[%cal Ra6b5]} 10. Nxd4 Nxe5 11. fxe5 Qh4+ 12. g3 Qxd4 $11) 10. c3 dxc3 11. dxc3 O-O 12. Qe2 f6 13. Qh5 f5 $1 14. Qe2 a6 15. Nd4 $1 {[%cal Rd4e6]} Bxd4 16. cxd4 Qb6 17. Be3 Nb8 18. O-O Bd7 19. a4 Nc6 20. g4 fxg4 ({Don't go for} 20... Nxd4 $2 21. Qf2 $18) 21. Qxg4 Ne7 22. Rf2 (22. Bxh7+ $5 Kxh7 23. Qh4+ Kg8 24. Qxe7 $14) 22... Nf5 23. Rg2 g6 24. Bxf5 Rxf5 25. Qd1 Rc8 26. Rc2 Rff8 {[#] ...Bxa4! is the strong threat.} 27. Rg2 Rc4 28. h4 Rb4 29. h5 Rxb2 30. Rg3 Be8 $36 {[%mdl 2048] Black has good play.} 31. hxg6 Bxg6 32. Qh5 (32. Rc1 $17) 32... Rb1+ $19 {[%cal Bb2b1,Bb1a1,Ba1a3][%mdl 32]} 33. Kh2 $2 {[#]} (33. Rxb1 Qxb1+ 34. Kh2) 33... Qb2+ 34. Kh3 Rxa1 {Black mates.} 35. Rxg6+ Kh8 ({Stronger than} 35... hxg6 36. Qxg6+ Kh8 37. Qh6+ Kg8 38. Qg6+ Kh8 39. Qh6+ Kg8 40. Qg5+ Kf7 41. Qf6+ Kg8 42. Qg6+ $11) 36. Bg1 Ra3+ 37. Kh4 Qc3 38. Qg4 hxg6 39. Bh2 Rf5 40. Qxg6 Qh3# {Precision: White = 50%, Black = 78%.} 0-1

[Event "4NCL Div 1 2018-19"]
[Site "Daventry"]
[Date "2018.11.11"]
[Round "2"]
[White "Stork, Oliver"]
[Black "Dargan, Paul A G"]
[Result "1/2-1/2"]
[WhiteElo "2197"]
[BlackElo "2207"]
[Annotator "NA"]
[PlyCount "20"]
[EventDate "2018.11.10"]
[EventType "team-tourn"]
[EventCountry "GBR"]
[SourceTitle "playchess.com"]
[Source "ChessBase"]
[SourceQuality "1"]
[TimeControl "40/6000+30:3000+30"]

1. c4 {[%emt 0:00:00]} e5 {[%emt 0:00:00]} 2. g3 {[%emt 0:00:00]} Nc6 {[%emt 0:00:00]} 3. Bg2 {[%emt 0:00:00]} f5 {[%emt 0:00:25]} 4. Nc3 {[%emt 0:00:00]} Nf6 {[%emt 0:00:07]} 5. e3 {[%emt 0:00:06]} d5 {[%emt 0:01:25]} 6. cxd5 {[%emt 0:00:10]} Nb4 {[%emt 0:00:06]} 7. d3 {[%emt 0:00:07]} Nfxd5 {[%emt 0:00:22]} 8. Nxd5 {[%emt 0:00:08]} Nxd5 {[%emt 0:00:04]} 9. Nf3 {[%emt 0:00:08]} Bd6 {[%emt 0:00:06]} 10. O-O {[%emt 0:00:19]} Qe7 {[%emt 0:00:08]} 1/2-1/2

[Event "4NCL Div 1 2018-19"]
[Site "Daventry"]
[Date "2018.11.11"]
[Round "2"]
[White "Martinez, Ayelen"]
[Black "Maroroa, Sue"]
[Result "0-1"]
[WhiteElo "2196"]
[BlackElo "2104"]
[Annotator "TA"]
[PlyCount "90"]
[EventDate "2018.11.10"]
[EventType "team-tourn"]
[EventCountry "GBR"]
[SourceTitle "playchess.com"]
[Source "ChessBase"]
[SourceQuality "1"]

{[%evp 13,89,33,64,6,6,6,2,-10,-18,-32,-28,-24,-11,-84,-75,-95,-95,-86,-61,-68,-76,-67,-71,-85,-67,-89,-48,-122,-80,-95,-80,-119,-111,-140,-134,-141,-139,-142,-145,-124,-131,-170,-159,-143,-131,-204,-165,-275,-87,-96,-74,-138,0,0,0,0,0,0,0,0,0,-517,-492,-1214,-1214,-1412,-1454,-1241,-1345,-1328,-1316,-1295,-1218,-29989,-29990,-29998,-29999,-29999]} 1. e4 {Hecht,H} e5 2. Nf3 Nc6 3. Bb5 a6 4. Ba4 d6 5. c3 g6 6. d4 Bd7 7. Bg5 {C76: Ruy Lopez: Deferred Steinitz: 5 c3 Bd7 6 d4 g6} f6 {LiveBook: 73 Games} 8. Bh4 (8. Bd2 $14) 8... h5 $146 ({Predecessor:} 8... Bg7 9. Nbd2 Nge7 10. Bb3 Na5 11. O-O Nxb3 12. Qxb3 Qc8 13. Rad1 Be6 14. Qa3 g5 {½-½ (72) Shirov,A (2715)-Short,N (2663) Dubai 2002 CBM 089 [Hecht,H]}) 9. h3 {The position is equal.} Qe7 10. Nbd2 O-O-O 11. d5 Nb8 12. Bg3 g5 {[%cal Bg6g5,Bg5g4][%mdl 32]} 13. h4 (13. Bc2 $11 {keeps the balance.}) 13... g4 14. Ng1 f5 {Threatens to win with ...f4.} 15. exf5 Nh6 16. f6 Qxf6 17. Ne4 Qg6 18. Bxd7+ Nxd7 19. Qb1 Be7 20. a4 (20. c4 $15) 20... Rhf8 21. Ne2 Nf5 22. a5 Qf7 23. Qd3 {[#]} Nc5 $1 {[%cal Rc5d3]} 24. Nxc5 dxc5 25. O-O-O Bd6 26. Qe4 Qd7 27. f3 gxf3 28. gxf3 Qb5 29. Bf2 (29. Bh2 $17) 29... Qxa5 30. Rhg1 {[#]} (30. Ng3 $142 Nxg3 31. Bxg3) 30... Qa2 $2 (30... Be7 $1 $19 {and Black stays clearly on top. aiming for ...Nd6.} 31. Kb1 Nd6 32. Qxe5 Bf6 33. Qe6+ (33. Qxh5 $2 Qb5 $19) 33... Kb8) 31. Rg5 $17 Ne7 32. Bg3 ({White should try} 32. Rxh5 Ng8 33. Rg5) 32... c6 (32... Kb8 $17 33. Rxh5 Nc8) 33. c4 $1 $11 Qa1+ 34. Kc2 $1 Qa4+ 35. Kc1 Qa1+ 36. Kc2 $1 Qa4+ 37. b3 $2 {[%mdl 8192]} (37. Kc1 $11) 37... Qa2+ $19 38. Kc3 (38. Kc1 $142 cxd5 39. Qc2 Qa1+ 40. Kd2) 38... Bc7 {[%cal Bd6c7,Bc7a5,Ba5d2,Bd2c1][%mdl 32]} 39. Nc1 {[#]} Nxd5+ $1 {[%mdl 512]} 40. cxd5 Ba5+ 41. Kd3 Rxd5+ 42. Ke3 Bd2+ 43. Ke2 Bxc1+ $1 {Black mates.} 44. Ke1 Rxd1+ 45. Kxd1 Qd2# {Precision: White = 38%, Black = 69%.} 0-1